Obyvateľov treba k cestovnému ruchu vychovávať
Pozitíva a negatíva cestovného ruchu. Výchova obyvateľstva k cestovnému ruchu. Prínos cestovného ruchu pre obce.
Salvato in:
| Autore principale: | |
|---|---|
| Natura: | Libro |
| Lingua: | slovacco |
| Soggetti: | |
| Tags: |
Nessun Tag, puoi essere il primo ad aggiungerne!!
|
MARC
| LEADER | 00000nam a2200000 4500 | ||
|---|---|---|---|
| 001 | r030819 | ||
| 005 | 20230921082029.4 | ||
| 041 | 0 | |a slo | |
| 044 | |a SK | ||
| 245 | 1 | 0 | |a Obyvateľov treba k cestovnému ruchu vychovávať |c Peter Patúš |
| 520 | |a Pozitíva a negatíva cestovného ruchu. Výchova obyvateľstva k cestovnému ruchu. Prínos cestovného ruchu pre obce. | ||
| 610 | 2 | 0 | |a ruch cestovný |
| 610 | 2 | 0 | |a samospráva |
| 610 | 2 | 0 | |a správa štátna |
| 610 | 2 | 0 | |a služby doplnkové |
| 610 | 2 | 0 | |a osveta |
| 610 | 2 | 0 | |a Slovensko |
| 100 | 1 | |a Patúš, Peter | |